000 00946nam a22002297a 4500
999 _c6391
_d6391
003 AR-CdUCM
008 190315b ||||| |||| 00| 0 spa d
040 _aMUNICIPALIDAD PROVINCIAL DEL CUSCO
_cBIBLIOTECA MUNICIPAL DEL CUSCO
082 _a030 /
_bL333
100 _aLarra, Mariano José de
_915464
245 _aArtículos de costumbres :
_bLos mejores libros de la literatura española /
260 _aLima :
_bEditora de Publicaciones Gente,
_c1987.
300 _a128 páginas ;
_c17 cm.
440 _aColección gratuita con la revista Gente (Lima-Perú) por su 3º aniversario.
_n19
_918195
505 _aContenido: El café -- EL casarse pronto y mal -- El castellano viejo -- Vuelva Ud. mañana -- El mundo todo es máscaras. Todo el año es carnaval...
650 _aLiteratura española
_9362
650 _aColección
_92826
650 _aSiglo XX
_98
700 _aBanco de la Nación
_918155
942 _2ddc
_cLIBROS
945 _adavv